000 00545nam a2200217Ia 4500
008 160803s9999 xx 000 0 und d
020 _a9780531168622
100 _aButler, Christine Taylor
245 4 _aThe Respiratory system /
245 _cChristine Taylor-Butler.
260 _aNew York :
260 _bScholastic Inc.
260 _c2008
300 _a48 pages :
300 _bcolor illustrations ;
300 _c22 cm.
440 _aTrue book.
650 _aRespiration.
650 _aRespiratory system.
700 _a700
999 _c299083
_d299083